000 00558nam a22002297a 4500
003 UA-OsUOA
001 92373
007 ta
008 20121213b un ||||| |||| 00| 0 ukr d
100 _aАйні С.
090 _a821.161.2
_bА37
942 _cBK
040 _aUA-OsUOA
_bukr
_cUA-OsUOA
_dUA-OsUOA
245 _aСмерть лихваря
300 _a270 с.
955 _a3
041 _aukr
080 _a821.161.2
260 _aК.
_c1978
650 7 _a82 Література. Літературознавство
_2UDC
999 _c378620
_d378620